Il gran macabro : opera in 2 atti (4 quadri) /

Tallennettuna:
Bibliografiset tiedot
Päätekijät: Meschke, Michael (Tekijä), Ligeti, György (Tekijä)
Yhteisötekijä: Teatro comunale di Bologna
Muut tekijät: Benini, Maurizio, Suighi, Silvia
Aineistotyyppi: Kirja
Kieli:italia
Julkaistu: Bologna : Teatro Comunale di Bologna, [1980]
Tagit: Lisää tagi
Ei tageja, Lisää ensimmäinen tagi!

MARC

LEADER 00000nam a22000007i 4500
001 IT\ICCU\UBO\2214794
003 ItRI
005 20260115232326.0
008 080611s1980 it |||||| |||||d|||||c
040 |b ita  |c importazione bologna sebina 
041 7 |a ita  |2 ISO-639-2 
100 1 |a Meschke, Michael  |0 IT\ICCU\UBOV\541971  |4 aut 
240 1 3 |a Le Grand Macabre  |3 IT\ICCU\UM1\0233639  |9 Ligeti, György 
245 1 3 |a Il gran macabro :  |b opera in 2 atti (4 quadri) /  |c libretto di Michael Meschke e György Ligeti ; versione italiana di Silvia Suighi ; adattamento ritmico di Maurizio Benini ... [et al.] ; musica di György Ligeti ; a cura dell'Ufficio stampa dell'Ente autonomo Teatro comunale di Bologna. 
260 |a Bologna :  |b Teatro Comunale di Bologna,  |c [1980] 
300 |a 74 p. :  |b ill. ;  |c 22 cm 
500 |a Programma di sala, Teatro Comunale di Bologna, stagione d'opera e balletto 1979-80 
500 |a Contiene il libretto dell'opera in italiano e scritti di vari autori. 
700 1 |a Ligeti, György  |0 IT\ICCU\TO0V\074152  |4 aut 
700 1 |a Benini, Maurizio  |0 IT\ICCU\REAV\097284 
700 1 |a Suighi, Silvia  |0 IT\ICCU\UBOV\241931 
710 2 |a Teatro comunale di Bologna  |0 IT\ICCU\UBOV\018322 
790 1 |a Ligeti, György Sándor  |3 IT\ICCU\DDSV\407801  |z Ligeti, György 
791 2 |a Ente autonomo Teatro comunale (Bologna)  |3 IT\ICCU\CFIV\144412  |z Teatro comunale di Bologna 
942 |2 ddc  |c BK  |n 0 
952 |0 0  |1 0  |4 0  |6 DOC_782_109000000000000_MES  |7 0  |9 24212  |a BO  |b BO  |d 2026-01-15  |i 15363  |l 0  |o DOC 782.109 MES  |p BO15363  |r 2026-01-15 23:23:26  |w 2026-01-15  |x [Sebina 5] [1 v.]  |y BK  |z 1 v. 
999 |c 20610  |d 20610